[Event "FRA-chT4 1415"]
[Site "Champagne Ardennes"]
[Date "2015.01.11"]
[Round "4"]
[White "Talbot, Remi"]
[Black "Tatard, Marie"]
[Result "1-0"]
[WhiteElo "1720"]
[BlackElo "1845"]
[PlyCount "93"]
[EventDate "2014.10.16"]
[EventType "team-tourn"]
[EventRounds "7"]
[EventCountry "FRA"]
[SourceTitle "EXT 2024"]
[Source "ChessBase"]
[SourceDate "2023.10.10"]
[SourceVersion "1"]
[SourceVersionDate "2023.10.10"]
[SourceQuality "1"]

1. d4 Nf6 2. c4 g6 3. Nc3 Bg7 4. e4 d6 5. Nf3 0-0 6. Be2 c5 7. d5 h6 8. 0-0 Nbd7 9. Ne1 Re8 10. f3 Nf8 11. Bf4 g5 12. Bg3 Nh5 13. Bf2 Nf4 14. Nd3 N8g6 15. Nxf4 Nxf4 16. Rb1 Bd7 17. Qd2 Qc8 18. Bd1 a6 19. Ne2 Ng6 20. Bc2 Ne5 21. b3 Ng6 22. Bg3 f5 23. f4 g4 24. Rbe1 h5 25. e5 h4 26. e6 Bxe6 27. dxe6 hxg3 28. Nxg3 Bd4+ 29. Kh1 Kh8 30. Bxf5 Nh4 31. Bxg4 Rg8 32. Bh3 Qf8 33. f5 Qg7 34. Re4 Qh7 35. Rff4 Bf6 36. Qe2 Bg5 37. Rf1 Raf8 38. Qh5 Rg7 39. Qxh7+ Rxh7 40. Rg4 Be3 41. Re4 Bg5 42. Ne2 Rh6 43. g3 Nf3 44. Rxf3 Rxh3 45. Nf4 Rh6 46. Nd5 Kh7 47. Kg2 1-0

[Event "FRA-chT4 1314"]
[Site "Champagne Ardennes"]
[Date "2013.11.24"]
[Round "2"]
[White "Sohier, Renaud"]
[Black "Tatard, Marie"]
[Result "1/2-1/2"]
[WhiteElo "2033"]
[BlackElo "1841"]
[PlyCount "141"]
[EventDate "2013.10.25"]
[EventType "team-tourn"]
[EventRounds "7"]
[EventCountry "FRA"]
[SourceTitle "EXT 2024"]
[Source "ChessBase"]
[SourceDate "2023.10.10"]
[SourceVersion "1"]
[SourceVersionDate "2023.10.10"]
[SourceQuality "1"]

1. d4 Nf6 2. c4 g6 3. Nc3 Bg7 4. e4 d6 5. f4 0-0 6. Be2 Re8 7. h4 h5 8. Nf3 Ng4 9. Ng5 Nc6 10. d5 Nd4 11. Bxg4 Bxg4 12. Qd3 e5 13. Be3 Qe7 14. fxe5 Qxe5 15. 0-0 f5 16. Bf4 Qe7 17. Rae1 Qd7 18. Be3 fxe4 19. Ncxe4 Nf5 20. Ne6 Be5 21. Bd4 Nxd4 22. Nxd4 Qg7 23. Nf3 Bxb2 24. Neg5 Bf5 25. Qb3 Bd4+ 26. Kh1 b6 27. Ne6 Bxe6 28. dxe6 Bf6 29. Re4 Re7 30. Qd3 Rae8 31. Qd5 Kh8 32. Nd4 Bxd4 33. Rf7 Rxf7 34. exf7 Rxe4 35. Qa8+ Kh7 36. f8N+ Kh6 37. Qxe4 Qxf8 38. Qxd4 Kh7 39. Kh2 Qe7 40. Qf2 Kg7 41. g3 Qf6 42. Qd2 Qe6 43. Qd3 Kf7 44. Qf3+ Qf5 45. Qc6 Qc8 46. Qd5+ Ke7 47. Qg5+ Kf7 48. Qd5+ Qe6 49. Qc6 Qe7 50. Qd5+ Kg7 51. Qc6 a5 52. Kg2 Qf7 53. Kh2 Kf6 54. Kg2 Ke7 55. Qxc7+ Ke8 56. Qxd6 Qxc4 57. Qxg6+ Kd7 58. Qxh5 Qxa2+ 59. Kh3 Qe6+ 60. Kg2 Qc6+ 61. Kf2 Qc2+ 62. Qe2 Qc5+ 63. Kg2 Qc6+ 64. Kh2 a4 65. h5 a3 66. Qd1+ Qd6 67. Qa4+ Kc7 68. Qc4+ Qc5 69. Qf7+ Kc6 70. Kh3 a2 71. Qxa2 1/2-1/2

[Event "FRA-chT4"]
[Site "France"]
[Date "2013.04.07"]
[Round "7"]
[White "Krauss, Jean Luc"]
[Black "Tatard, Marie"]
[Result "0-1"]
[WhiteElo "1942"]
[BlackElo "1832"]
[PlyCount "110"]
[EventDate "2012.10.24"]
[EventType "team-swiss"]
[EventRounds "9"]
[EventCountry "FRA"]
[SourceTitle "EXT 2014"]
[Source "ChessBase"]
[SourceDate "2013.11.20"]
[SourceVersion "1"]
[SourceVersionDate "2013.11.20"]
[SourceQuality "1"]

1. e4 e6 2. d4 d5 3. Nd2 Nf6 4. e5 Nfd7 5. Bd3 c5 6. c3 Nc6 7. Ne2 cxd4 8. cxd4 Be7 9. 0-0 0-0 10. f4 f6 11. Nf3 Qb6 12. Kh1 fxe5 13. fxe5 Qc7 14. Bg5 Nb6 15. Bxe7 Qxe7 16. Rc1 Bd7 17. Bb1 Be8 18. b3 Bh5 19. Qd2 Bxf3 20. gxf3 Rac8 21. f4 Qd7 22. Rg1 Ne7 23. Rxc8 Nbxc8 24. Qc3 Nf5 25. Bxf5 Rxf5 26. Rc1 Nb6 27. Qc7 Qb5 28. Qc2 Nd7 29. Qd2 Nf8 30. Rc8 b6 31. Kg2 h6 32. h4 Qd7 33. Qc2 Qf7 34. Qd3 Qh5 35. Ng3 Qg4 36. Qf3 Rxf4 37. Qxg4 Rxg4 38. Ra8 a5 39. Rb8 Rxd4 40. Rxb6 Rd2+ 41. Kf3 Rxa2 42. Nh5 Ra1 43. Kg2 Ra2+ 44. Kf3 Ng6 45. Rxe6 Kf7 46. Rd6 Nxe5+ 47. Ke3 Rb2 48. Rxd5 Rxb3+ 49. Ke2 Rb2+ 50. Kf1 Nc6 51. Rd7+ Kg6 52. Nxg7 a4 53. Rd6+ Kxg7 54. Rxc6 a3 55. Ra6 a2 0-1

[Event "FRA-chT3"]
[Site "France"]
[Date "2012.01.15"]
[Round "4"]
[White "Alcidi, Valentin"]
[Black "Tatard, Marie"]
[Result "1/2-1/2"]
[WhiteElo "1812"]
[BlackElo "1871"]
[PlyCount "81"]
[EventDate "2012.01.20"]
[EventType "team-match"]
[EventRounds "9"]
[EventCountry "FRA"]
[SourceTitle "EXT 2014"]
[Source "ChessBase"]
[SourceDate "2013.11.20"]
[SourceVersion "1"]
[SourceVersionDate "2013.11.20"]
[SourceQuality "1"]

1. d4 Nf6 2. Bg5 e6 3. e3 h6 4. Bh4 d5 5. Nd2 Be7 6. Bd3 Nbd7 7. f4 c5 8. c3 cxd4 9. cxd4 Nf8 10. Ngf3 Ng4 11. Bxe7 Qxe7 12. Qe2 Qb4 13. Rb1 Bd7 14. 0-0 Bc6 15. a3 Qb6 16. h3 Nf6 17. b4 Ne4 18. Bxe4 dxe4 19. Ne5 Bb5 20. Nec4 Bxc4 21. Qxc4 f5 22. a4 Nd7 23. a5 Qd6 24. Nb3 Kf7 25. Nc5 Rab8 26. Rfc1 Nf6 27. Qe2 Nd5 28. b5 b6 29. axb6 axb6 30. Na6 Rbc8 31. Qd2 Qa3 32. Kf2 Rc3 33. Rxc3 Nxc3 34. Rb4 Nxb5 35. Rxb5 Qxa6 36. Qb2 Rb8 37. Qb3 Kf6 38. Qb2 Ke7 39. d5 Ke8 40. dxe6 Rb7 41. Rxf5 1/2-1/2

[Event "FRA-chT4 1011"]
[Site "Champagne Ardennes"]
[Date "2011.03.20"]
[Round "6"]
[White "Tatard, Marie"]
[Black "Veillerette, Patrick"]
[Result "1/2-1/2"]
[WhiteElo "1856"]
[BlackElo "1880"]
[PlyCount "42"]
[EventDate "2010.10.10"]
[EventType "team-tourn"]
[EventRounds "7"]
[EventCountry "FRA"]
[SourceTitle "EXT 2024"]
[Source "ChessBase"]
[SourceDate "2023.10.10"]
[SourceVersion "1"]
[SourceVersionDate "2023.10.10"]
[SourceQuality "1"]

1. e4 d5 2. exd5 Qxd5 3. Nc3 Qa5 4. d4 Nf6 5. Bd2 c6 6. h3 Bf5 7. Bc4 e6 8. Nf3 Nbd7 9. Nd5 Qd8 10. Ne3 Be4 11. 0-0 Be7 12. Re1 0-0 13. c3 Qb6 14. Bb3 Rfd8 15. Nc4 Qc7 16. Bg5 Bd5 17. Qc1 Bxf3 18. gxf3 Nd5 19. Bxe7 Nxe7 20. Ne5 Nxe5 21. Rxe5 Ng6 1/2-1/2

[Event "FRA-chT4 1011"]
[Site "Champagne Ardennes"]
[Date "2011.01.16"]
[Round "4.2"]
[White "Defrance, Laurent"]
[Black "Tatard, Marie"]
[Result "1-0"]
[WhiteElo "2147"]
[BlackElo "1860"]
[PlyCount "117"]
[EventDate "2010.10.10"]
[EventType "team-tourn"]
[EventRounds "7"]
[EventCountry "FRA"]
[SourceTitle "EXT 2024"]
[Source "ChessBase"]
[SourceDate "2023.10.10"]
[SourceVersion "1"]
[SourceVersionDate "2023.10.10"]
[SourceQuality "1"]

1. d4 Nf6 2. Nf3 g6 3. c4 Bg7 4. g3 0-0 5. Bg2 d6 6. 0-0 Nbd7 7. Nc3 c5 8. e4 cxd4 9. Nxd4 Ne5 10. b3 Bd7 11. Bb2 Nc6 12. Nd5 e6 13. Nxc6 Bxc6 14. Nxf6+ Bxf6 15. Bxf6 Qxf6 16. Qd2 Rfd8 17. Rad1 Rd7 18. Qa5 Qd8 19. Qb4 Qc7 20. Rd2 Rad8 21. Rfd1 a6 22. Qc3 Qb6 23. h4 Qc5 24. Qf6 Qe5 25. Qxe5 dxe5 26. Rxd7 Rxd7 27. Rxd7 Bxd7 28. f3 Kf8 29. Kf2 Ke7 30. Ke3 Kd6 31. Kd3 a5 32. Kc3 b5 33. a3 Kc5 34. b4+ axb4+ 35. axb4+ Kb6 36. Bf1 bxc4 37. g4 h6 38. g5 hxg5 39. hxg5 Bc6 40. Bxc4 Ba4 41. Kd3 Kc6 42. Ke3 Kd6 43. f4 exf4+ 44. Kxf4 Bc6 45. Ba6 e5+ 46. Ke3 Kc7 47. Bc4 Be8 48. Kd3 Kb6 49. Bd5 Bb5+ 50. Kc3 Be8 51. Kc4 Bb5+ 52. Kb3 Be8 53. Ka3 Kb5 54. Bb3 Bc6 55. Ba4+ Kb6 56. Bxc6 Kxc6 57. Ka4 Kb6 58. b5 Kb7 59. Ka5 1-0

[Event "FRA-chT1A 0809"]
[Site "France"]
[Date "2009.03.15"]
[Round "9.7"]
[White "Loiseau, Quentin"]
[Black "Tatard, Marie"]
[Result "1-0"]
[WhiteElo "2035"]
[BlackElo "1902"]
[PlyCount "93"]
[EventDate "2008.10.19"]
[EventType "team-tourn"]
[EventRounds "11"]
[EventCountry "FRA"]
[SourceTitle "EXT 2010"]
[Source "ChessBase"]
[SourceDate "2010.11.25"]
[SourceVersion "1"]
[SourceVersionDate "2010.11.25"]
[SourceQuality "1"]
[WhiteTeam "Creteil"]
[BlackTeam "Noisy le Grand"]
[WhiteTeamCountry "FRA"]
[BlackTeamCountry "FRA"]

1. Nf3 d5 2. d4 Nf6 3. c4 c6 4. e3 Bg4 5. h3 Bh5 6. Nc3 e6 7. g4 Bg6 8. Ne5 Nbd7 9. Nxg6 hxg6 10. Bg2 dxc4 11. e4 Nb6 12. Bf4 Be7 13. 0-0 0-0 14. Re1 Qd7 15. Qd2 Rad8 16. Rad1 Rfe8 17. Qe2 Qc8 18. Qf3 Rd7 19. Rd2 Red8 20. Red1 Nh7 21. Qg3 Bd6 22. Bxd6 Rxd6 23. e5 R6d7 24. Ne4 Qc7 25. g5 Nd5 26. h4 Ne7 27. Nc5 Nf5 28. Qf4 Re7 29. Bh3 b6 30. Ne4 Red7 31. Bxf5 gxf5 32. Nd6 Nf8 33. Nxc4 Ng6 34. Qh2 c5 35. h5 Ne7 36. h6 g6 37. Nd6 Nd5 38. Rc1 Kh7 39. b3 f6 40. gxf6 Nxf6 41. dxc5 Ng4 42. Qg3 bxc5 43. b4 Kxh6 44. f3 Qb6 45. fxg4 cxb4+ 46. Kg2 Kg7 47. gxf5 1-0

[Event "FRA-chT1A 0809"]
[Site "France"]
[Date "2009.02.07"]
[Round "6.7"]
[White "Tatard, Marie"]
[Black "Villegas, Pierre"]
[Result "0-1"]
[WhiteElo "1902"]
[BlackElo "2137"]
[PlyCount "62"]
[EventDate "2008.10.19"]
[EventType "team-tourn"]
[EventRounds "11"]
[EventCountry "FRA"]
[SourceTitle "EXT 2010"]
[Source "ChessBase"]
[SourceDate "2010.11.25"]
[SourceVersion "1"]
[SourceVersionDate "2010.11.25"]
[SourceQuality "1"]
[WhiteTeam "Noisy le Grand"]
[BlackTeam "Hyeres"]
[WhiteTeamCountry "FRA"]
[BlackTeamCountry "FRA"]

1. e4 c5 2. Nf3 d6 3. d4 cxd4 4. Nxd4 Nf6 5. Nc3 a6 6. Be2 e5 7. Nf3 h6 8. h3 Be6 9. Be3 Be7 10. 0-0 0-0 11. Qd2 Nbd7 12. Ne1 Qc7 13. Nd3 Nb6 14. Bxb6 Qxb6 15. Bf3 Rac8 16. Ne2 Qc7 17. c3 d5 18. Ng3 dxe4 19. Bxe4 Nxe4 20. Nxe4 f5 21. Ng3 Rcd8 22. Qc2 e4 23. Nc1 Bc5 24. Nb3 Ba7 25. Ne2 Bb8 26. g3 Bc4 27. Rfe1 Ba7 28. Nbd4 Bxe2 29. Nxe2 e3 30. fxe3 Bxe3+ 31. Kh2 f4 0-1

[Event "FRA-chT1A 0708"]
[Site "France"]
[Date "2008.03.15"]
[Round "8.8"]
[White "Tatard, Marie"]
[Black "Boulan, Laura"]
[Result "0-1"]
[WhiteElo "1905"]
[BlackElo "1895"]
[PlyCount "80"]
[EventDate "2007.10.21"]
[EventType "team"]
[EventRounds "11"]
[EventCountry "FRA"]
[SourceTitle "EXT 2009"]
[Source "ChessBase"]
[SourceDate "2008.11.26"]
[SourceVersion "1"]
[SourceVersionDate "2008.11.26"]
[SourceQuality "1"]
[WhiteTeam "Noisy le Grand"]
[BlackTeam "Migne Auxances"]
[WhiteTeamCountry "FRA"]
[BlackTeamCountry "FRA"]

1. e4 e5 2. d4 exd4 3. Qxd4 Nc6 4. Qe3 d6 5. c3 Nf6 6. h3 Be7 7. Bd3 0-0 8. Nf3 Re8 9. 0-0 Bf8 10. Re1 Nd7 11. Qe2 h6 12. Nd4 Nc5 13. Nxc6 bxc6 14. Bc2 d5 15. e5 Bd6 16. f4 Ba6 17. Qd1 Qh4 18. Nd2 Qg3 19. Nf3 Bf8 20. b4 Ne6 21. Qd2 Rad8 22. f5 Ng5 23. Nxg5 hxg5 24. Qf2 Qxc3 25. Bxg5 Bxb4 26. Kh1 Rxe5 27. Bxd8 Rxe1+ 28. Rxe1 Qxe1+ 29. Qxe1 Bxe1 30. Bxc7 Bf2 31. Bf4 d4 32. Bd2 c5 33. g4 Bb7+ 34. Kh2 c4 35. Bb4 d3 36. Bd1 Bd4 37. Kg3 c3 38. Bf3 d2 39. Be2 Be4 40. Kf4 Bc2 0-1

[Event "FRA-chT1A 0708"]
[Site "France"]
[Date "2008.02.09"]
[Round "6.8"]
[White "Le Diouron, Aurelie"]
[Black "Tatard, Marie"]
[Result "1-0"]
[WhiteElo "2022"]
[BlackElo "1905"]
[PlyCount "75"]
[EventDate "2007.10.21"]
[EventType "team"]
[EventRounds "11"]
[EventCountry "FRA"]
[SourceTitle "EXT 2009"]
[Source "ChessBase"]
[SourceDate "2008.11.26"]
[SourceVersion "1"]
[SourceVersionDate "2008.11.26"]
[SourceQuality "1"]
[WhiteTeam "Guingamp"]
[BlackTeam "Noisy le Grand"]
[WhiteTeamCountry "FRA"]
[BlackTeamCountry "FRA"]

1. e4 e6 2. d4 d5 3. Nd2 c5 4. exd5 exd5 5. Ngf3 Nf6 6. Bb5+ Bd7 7. Bxd7+ Nbxd7 8. 0-0 Be7 9. Re1 0-0 10. Ne5 cxd4 11. Nxd7 Qxd7 12. Nf3 Rfe8 13. Bg5 h6 14. Bh4 Qg4 15. h3 Qd7 16. Qxd4 Qc6 17. Qd3 Qc4 18. Qf5 g6 19. Qe5 Nd7 20. Qg3 Bc5 21. c3 Re2 22. Rxe2 Qxe2 23. Re1 Qxb2 24. Qc7 Qb5 25. Qf4 Bf8 26. Nd4 Qc5 27. Re3 Bg7 28. Re7 Ne5 29. Rxe5 Bxe5 30. Qxe5 Qxc3 31. Bf6 Kh7 32. Qf4 Qe1+ 33. Kh2 Qe4 34. Qc7 Rf8 35. Be5 Kg8 36. f4 f6 37. Ne6 Rf7 38. Qd8+ 1-0

[Event "FRA-chT1A 0708"]
[Site "France"]
[Date "2007.12.16"]
[Round "5.8"]
[White "Tatard, Marie"]
[Black "Marchadour, Emilie"]
[Result "0-1"]
[WhiteElo "1905"]
[BlackElo "2123"]
[PlyCount "30"]
[EventDate "2007.10.21"]
[EventType "team"]
[EventRounds "11"]
[EventCountry "FRA"]
[SourceTitle "EXT 2009"]
[Source "ChessBase"]
[SourceDate "2008.11.26"]
[SourceVersion "1"]
[SourceVersionDate "2008.11.26"]
[SourceQuality "1"]
[WhiteTeam "Noisy le Grand"]
[BlackTeam "Clichy II"]
[WhiteTeamCountry "FRA"]
[BlackTeamCountry "FRA"]

1. e4 c5 2. Nf3 e6 3. d4 cxd4 4. Nxd4 Nc6 5. c3 Qc7 6. Be2 Nf6 7. Qd3 Nxd4 8. Qxd4 Bc5 9. Qd3 b6 10. h3 Bb7 11. Bf3 Qe5 12. Nd2 d5 13. Qb5+ Ke7 14. 0-0 dxe4 15. Qe2 Bd6 0-1

[Event "FRA-chT1A 0708"]
[Site "France"]
[Date "2007.12.15"]
[Round "4.8"]
[White "Fruteau, Sabine"]
[Black "Tatard, Marie"]
[Result "1/2-1/2"]
[WhiteElo "2169"]
[BlackElo "1905"]
[PlyCount "94"]
[EventDate "2007.10.21"]
[EventType "team"]
[EventRounds "11"]
[EventCountry "FRA"]
[SourceTitle "EXT 2009"]
[Source "ChessBase"]
[SourceDate "2008.11.26"]
[SourceVersion "1"]
[SourceVersionDate "2008.11.26"]
[SourceQuality "1"]
[WhiteTeam "Deauville"]
[BlackTeam "Noisy le Grand"]
[WhiteTeamCountry "FRA"]
[BlackTeamCountry "FRA"]

1. e4 e6 2. d4 d5 3. e5 c5 4. c3 Nc6 5. Nf3 Qb6 6. a3 cxd4 7. cxd4 Nge7 8. b4 Nf5 9. Bb2 Bd7 10. Be2 Be7 11. 0-0 Rc8 12. g4 Nh4 13. Nxh4 Bxh4 14. Qd3 f6 15. Nd2 fxe5 16. dxe5 Bg5 17. b5 Ne7 18. Bd4 Qd8 19. f4 Bh4 20. Nf3 Ng6 21. Nxh4 Nxh4 22. Bxa7 Qa5 23. Bd4 Rc4 24. Qe3 Rc8 25. f5 exf5 26. e6 Bxb5 27. gxf5 Bxe2 28. Qxe2 Qa4 29. Qh5+ Ng6 30. Bxg7 Rg8 31. fxg6 Rxg7 32. Qf3 Rxg6+ 33. Kh1 Qe4 34. Rae1 Qxf3+ 35. Rxf3 Rc7 36. Rf5 Re7 37. Rxd5 Rgxe6 38. Rxe6 Rxe6 39. Rb5 b6 40. Kg2 Kd7 41. Rb3 Kc6 42. Rh3 h6 43. Rh4 Kb5 44. Kf3 Ka5 45. Kf4 b5 46. Kf3 Rc6 47. Ke2 Re6+ 1/2-1/2

[Event "FRA-chT1A 0708"]
[Site "France"]
[Date "2007.11.24"]
[Round "2.8"]
[White "Tatard, Marie"]
[Black "Couche, Didier"]
[Result "1/2-1/2"]
[WhiteElo "1905"]
[BlackElo "2121"]
[PlyCount "115"]
[EventDate "2007.10.21"]
[EventType "team"]
[EventRounds "11"]
[EventCountry "FRA"]
[SourceTitle "EXT 2009"]
[Source "ChessBase"]
[SourceDate "2008.11.26"]
[SourceVersion "1"]
[SourceVersionDate "2008.11.26"]
[SourceQuality "1"]
[WhiteTeam "Noisy le Grand"]
[BlackTeam "Cappelle la Grande"]
[WhiteTeamCountry "FRA"]
[BlackTeamCountry "FRA"]

1. e4 e6 2. d4 d5 3. e5 c5 4. c3 Qb6 5. Nf3 Nc6 6. a3 Nh6 7. b4 cxd4 8. cxd4 Nf5 9. Bb2 Bd7 10. Be2 Be7 11. 0-0 f6 12. Bd3 Nh6 13. h3 f5 14. Bc2 a5 15. Ba4 axb4 16. axb4 Nxb4 17. Bxd7+ Kxd7 18. Rxa8 Rxa8 19. Ba3 Nf7 20. Qb3 Qa5 21. Rc1 Nd8 22. Ne1 Qa4 23. Qb2 Ra6 24. Rc3 Nbc6 25. Bxe7 Kxe7 26. Nf3 Qa1 27. Qb5 Qa5 28. Qd3 Nb4 29. Qe3 Rc6 30. Ra3 Qc7 31. Qg5+ Ke8 32. Nbd2 Qe7 33. Qf4 h6 34. Rb3 Rc1+ 35. Nf1 Rc7 36. Qd2 Nbc6 37. Ne3 Nf7 38. Ne1 Ng5 39. f3 Nf7 40. N1c2 Qg5 41. Na3 Qe7 42. Nb5 Rd7 43. Rb1 Kf8 44. Qb2 Kg8 45. Nc2 Kh7 46. Nc3 Qh4 47. Na4 Nfd8 48. Nc5 Qe7 49. Nxd7 Qxd7 50. Na3 Qc7 51. Kf2 Qa5 52. Nb5 Qb6 53. f4 Qa5 54. Nd6 Qa4 55. Ke3 Na5 56. Kd3 Ndc6 57. Qb3 Qa2 58. Qb2 1/2-1/2

[Event "FRA-chT2 0405"]
[Site "France"]
[Date "2005.01.08"]
[Round "5.9"]
[White "Lapchin, Sylvie"]
[Black "Tatard, Marie"]
[Result "0-1"]
[WhiteElo "1590"]
[BlackElo "1932"]
[PlyCount "126"]
[EventDate "2004.10.10"]
[EventType "team"]
[EventRounds "11"]
[EventCountry "FRA"]
[SourceTitle "EXT 2006"]
[Source "ChessBase"]
[SourceDate "2005.11.24"]
[SourceVersion "1"]
[SourceVersionDate "2005.11.24"]
[SourceQuality "1"]
[WhiteTeam "Issy les Moulineaux"]
[BlackTeam "Rosny sous Bois"]
[WhiteTeamCountry "FRA"]
[BlackTeamCountry "FRA"]

1. e4 e6 2. d4 d5 3. exd5 exd5 4. Nf3 c5 5. Bd3 Nc6 6. 0-0 Nf6 7. Re1+ Be7 8. c4 0-0 9. Nc3 dxc4 10. Bxc4 cxd4 11. Ne4 Bf5 12. Ng3 Bg6 13. b3 Bc5 14. Bg5 h6 15. Bh4 Bb4 16. Nd2 Bc3 17. Nde4 Bxe1 18. Qxe1 Re8 19. Nxf6+ gxf6 20. Qd2 Kg7 21. f4 d3 22. Rf1 Qd4+ 23. Kh1 Re7 24. Rd1 Rae8 25. Bxd3 Bxd3 26. Nh5+ Kg6 27. Nxf6 Rd8 28. Ng4 Bf5 29. Qxd4 Rxd4 30. Rxd4 Nxd4 31. Bxe7 Bxg4 32. Bc5 Ne2 33. h3 b6 34. Be3 Ng3+ 35. Kg1 Be6 36. Kf2 Ne4+ 37. Ke2 Nc3+ 38. Kd3 Nxa2 39. Ke4 Bxb3 40. f5+ Kg7 41. Bd4+ f6 42. g4 Bd1 43. Kf4 Nc1 44. Be3 Nd3+ 45. Kg3 Nc5 46. h4 a5 47. Bd4 a4 48. g5 hxg5 49. hxg5 Ne4+ 50. Kf4 Nxg5 51. Bxb6 Bc2 52. Be3 Nf7 53. Bc1 Nd6 54. Ke3 a3 55. Kd2 a2 56. Bb2 Bxf5 57. Kc3 Be6 58. Kc2 Nb5 59. Kc1 Bf5 60. Ba1 Bb1 61. Bb2 Na3 62. Ba1 Nc2 63. Kb2 Kg6 0-1

[Event "FRA-chT2 0405"]
[Site "France"]
[Date "2004.11.07"]
[Round "3.9"]
[White "Tatard, Marie"]
[Black "Warkentin, Sabine"]
[Result "1-0"]
[WhiteElo "1957"]
[BlackElo "1827"]
[PlyCount "79"]
[EventDate "2004.10.10"]
[EventType "team"]
[EventRounds "11"]
[EventCountry "FRA"]
[SourceTitle "EXT 2006"]
[Source "ChessBase"]
[SourceDate "2005.11.24"]
[SourceVersion "1"]
[SourceVersionDate "2005.11.24"]
[SourceQuality "1"]
[WhiteTeam "Rosny sous Bois"]
[BlackTeam "Neuville en Ferrain"]
[WhiteTeamCountry "FRA"]
[BlackTeamCountry "FRA"]

1. e4 c6 2. d4 d5 3. Nc3 dxe4 4. Nxe4 Bf5 5. Ng3 Bg6 6. h4 h6 7. h5 Bh7 8. Nf3 e6 9. Bd3 Bxd3 10. Qxd3 Nf6 11. Bd2 Nbd7 12. 0-0-0 Qc7 13. c4 0-0-0 14. Bc3 Bd6 15. Ne4 Nxe4 16. Qxe4 Nf6 17. Qe2 Qe7 18. Ne5 Bxe5 19. Qxe5 Qc7 20. Qe2 Rhg8 21. Kb1 Qf4 22. Ka1 Qe4 23. Qf1 Qf5 24. f3 Qf4 25. Qe2 Qc7 26. Qe3 b6 27. g4 Nd7 28. f4 c5 29. d5 exd5 30. Rxd5 Rge8 31. Qf3 f6 32. Rhd1 Nb8 33. g5 Rxd5 34. Rxd5 fxg5 35. fxg5 Rd8 36. Rxd8+ Kxd8 37. Qf8+ Kd7 38. Qf7+ Kc8 39. Qxc7+ Kxc7 40. Bxg7 1-0

[Event "FRA-chT2 0405"]
[Site "France"]
[Date "2004.11.06"]
[Round "2.9"]
[White "Oges, Helene"]
[Black "Tatard, Marie"]
[Result "0-1"]
[WhiteElo "1620"]
[BlackElo "1952"]
[PlyCount "54"]
[EventDate "2004.10.10"]
[EventType "team"]
[EventRounds "11"]
[EventCountry "FRA"]
[SourceTitle "EXT 2006"]
[Source "ChessBase"]
[SourceDate "2005.11.24"]
[SourceVersion "1"]
[SourceVersionDate "2005.11.24"]
[SourceQuality "1"]
[WhiteTeam "Le Touquet"]
[BlackTeam "Rosny sous Bois"]
[WhiteTeamCountry "FRA"]
[BlackTeamCountry "FRA"]

1. e4 e6 2. d4 d5 3. Nc3 Nf6 4. e5 Nfd7 5. Nf3 c5 6. dxc5 Bxc5 7. Bd3 Nc6 8. Qe2 a6 9. 0-0 Nd4 10. Nxd4 Bxd4 11. Nxd5 Nxe5 12. Nf4 Nxd3 13. Qxd3 0-0 14. Rd1 Bf6 15. Nh5 Be7 16. Qf3 Qa5 17. Qg4 g6 18. Ng3 e5 19. Qf3 Kg7 20. Be3 Qb4 21. b3 Bg4 22. Qd5 Bxd1 23. Rxd1 Rfd8 24. Qf3 Rxd1+ 25. Qxd1 Rd8 26. Qc1 Qc3 27. Ne2 Qb2 0-1

[Event "France-ch U16 Girls"]
[Site "Reims"]
[Date "2004.04.22"]
[Round "6"]
[White "Sidibe, Malika"]
[Black "Tatard, Marie"]
[Result "0-1"]
[WhiteElo "1800"]
[BlackElo "1986"]
[PlyCount "40"]
[EventDate "2004.04.??"]
[EventType "swiss"]
[EventRounds "9"]
[EventCountry "FRA"]
[SourceTitle "EXT 2005"]
[Source "ChessBase"]
[SourceDate "2004.11.15"]
[SourceVersion "1"]
[SourceVersionDate "2004.11.15"]
[SourceQuality "1"]

1. e4 e6 2. d4 d5 3. exd5 exd5 4. Qf3 Bd6 5. Bd3 Nf6 6. h3 0-0 7. Ne2 Nc6 8. c3 Ne7 9. Bg5 Ng6 10. Bxf6 Qxf6 11. Qxd5 Nf4 12. Nxf4 Qxf4 13. Nd2 Re8+ 14. Be2 Bf5 15. g3 Qg5 16. g4 Rxe2+ 17. Kf1 Qxd2 18. Qxf5 Rae8 19. Kg2 Bf4 20. h4 Rxf2+ 0-1